Das uebergangene Selbst: pädagogische Perspektiven zur Selbstkonzeptforschung
| Main Author: | |
|---|---|
| Format: | Print Book |
| Language: | German |
| Subito Delivery Service: | Order now. |
| Check availability: | HBZ Gateway |
| WorldCat: | WorldCat |
| Interlibrary Loan: | Interlibrary Loan for the Fachinformationsdienste (Specialized Information Services in Germany) |
| Published: |
Frankfurt/Main [u.a.]
Campus-Verl.
1980
|
| In: |
Campus Forschung (168)
Year: 1980 |
| Series/Journal: | Campus Forschung
168 |
| Standardized Subjects / Keyword chains: | B
Self-image
/ Pedagogical psychology
B Pedagogics B Pedagogical anthropology |
| Further subjects: | B
Psychologische Theorie
B Self-image B Psychologische Forschung B Socialization |
MARC
| LEADER | 00000cam a2200000 c 4500 | ||
|---|---|---|---|
| 001 | 424396181 | ||
| 003 | DE-627 | ||
| 005 | 20251223204346.0 | ||
| 007 | tu | ||
| 008 | 850101s1980 gw ||||| 00| ||ger c | ||
| 015 | |a 80,N36,0063 |2 dnb | ||
| 015 | |a 81,A13,0104 |2 dnb | ||
| 016 | 7 | |a 800049241 |2 DE-101 | |
| 020 | |a 3593327791 |9 3-593-32779-1 | ||
| 035 | |a (DE-627)424396181 | ||
| 035 | |a (DE-576)007496311 | ||
| 035 | |a (DE-599)GBV424396181 | ||
| 035 | |a (OCoLC)251852202 | ||
| 035 | |a (DE-604)801006575x | ||
| 040 | |a DE-627 |b ger |c DE-627 |e rakwb | ||
| 041 | |a ger | ||
| 044 | |c XA-DE |c XD-US | ||
| 050 | 0 | |a MLCS 87/02080 (H) | |
| 082 | 0 | |a 155.2 | |
| 084 | |a 03b |a 10a |a 05b |a 03a |2 sdnb | ||
| 084 | |a 1 |2 ssgn | ||
| 084 | |a DF 4500 |2 rvk |0 (DE-625)rvk/19547:761 | ||
| 084 | |a CX 1000 |2 rvk |0 (DE-625)rvk/19213: | ||
| 084 | |a CR 3000 |2 rvk |0 (DE-625)rvk/19031: | ||
| 100 | 1 | |8 1\p |0 (DE-588)1338788116 |0 (DE-627)1898495947 |4 aut |a Naudascher, Brigitte |d 1933- | |
| 109 | |a Naudascher, Brigitte 1933- | ||
| 191 | |a 1 | ||
| 245 | 1 | 4 | |a Das uebergangene Selbst |b pädagogische Perspektiven zur Selbstkonzeptforschung |c Brigitte Naudascher |
| 264 | 1 | |a Frankfurt/Main [u.a.] |b Campus-Verl. |c 1980 | |
| 300 | |a 183 S. |b graph. Darst. |c 8" | ||
| 336 | |a Text |b txt |2 rdacontent | ||
| 337 | |a ohne Hilfsmittel zu benutzen |b n |2 rdamedia | ||
| 338 | |a Band |b nc |2 rdacarrier | ||
| 490 | 1 | |a Campus Forschung |v 168 | |
| 500 | |a Literaturverz. S. 159 - 174 | ||
| 583 | 1 | |a Archivierung/Langzeitarchivierung gewährleistet |f SSG |x XA-DE-BW |2 pdager |5 DE-21 | |
| 601 | |a Perspektive | ||
| 650 | 4 | |a Selbstbild | |
| 650 | 4 | |a Psychologische Theorie | |
| 650 | 4 | |a Psychologische Forschung | |
| 650 | 4 | |a Sozialisation | |
| 689 | 0 | 0 | |d s |0 (DE-588)4077349-8 |0 (DE-627)106080431 |0 (DE-576)20920480X |2 gnd |a Selbstbild |
| 689 | 0 | 1 | |d s |0 (DE-588)4044321-8 |0 (DE-627)106206036 |0 (DE-576)209060328 |2 gnd |a Pädagogische Psychologie |
| 689 | 0 | |5 (DE-627) | |
| 689 | 1 | 0 | |d s |0 (DE-588)4044302-4 |0 (DE-627)106206168 |0 (DE-576)209060174 |2 gnd |a Pädagogik |
| 689 | 1 | |5 (DE-627) | |
| 689 | 2 | 0 | |d s |0 (DE-588)4044308-5 |0 (DE-627)106206133 |0 (DE-576)209060212 |2 gnd |a Pädagogische Anthropologie |
| 689 | 2 | |5 (DE-627) | |
| 830 | 0 | |a Campus Forschung |v 168 |9 168 |w (DE-627)12996798X |w (DE-576)028415078 |w (DE-600)409345-8 |x 2943-3282 |7 am | |
| 883 | |8 1\p |a cgwrk |d 20241001 |q DE-101 |u https://d-nb.info/provenance/plan#cgwrk | ||
| 889 | |w (DE-627)02727926X | ||
| 935 | |a mteo | ||
| 935 | |i mdedup | ||
| 935 | |i Blocktest | ||
| 936 | r | v | |a DF 4500 |b Allgemeines und Deutschland |k Pädagogik |k Systematische Pädagogik |k Pädagogische Anthropologie |k Allgemeines und Deutschland |0 (DE-627)1270769421 |0 (DE-625)rvk/19547:761 |0 (DE-576)200769421 |
| 936 | r | v | |a CX 1000 |b Allgemeines |k Psychologie |k Pädagogische Psychologie |k Allgemeines |0 (DE-627)127148417X |0 (DE-625)rvk/19213: |0 (DE-576)20148417X |
| 936 | r | v | |a CR 3000 |b Persönlichkeitstheorien |k Psychologie |k Differentielle Psychologie (Persönlichkeitspsychologie) |k Persönlichkeitstheorien |0 (DE-627)1271520052 |0 (DE-625)rvk/19031: |0 (DE-576)201520052 |
| 951 | |a BO | ||
| ELC | |b 1 | ||
| ITA | |a 1 |t 1 | ||
| LOK | |0 000 xxxxxcx a22 zn 4500 | ||
| LOK | |0 001 3147153673 | ||
| LOK | |0 003 DE-627 | ||
| LOK | |0 004 424396181 | ||
| LOK | |0 005 19951121000000 | ||
| LOK | |0 008 951121||||||||||||||||ger||||||| | ||
| LOK | |0 040 |a DE-21 |c DE-627 |d DE-21 | ||
| LOK | |0 852 |a DE-21 | ||
| LOK | |0 852 1 |c 20 A 19056 |9 00 | ||
| LOK | |0 935 |a comp |a konv | ||
| LOK | |0 939 |a 21-11-95 |b l01 | ||
| LOK | |0 000 xxxxxcx a22 zn 4500 | ||
| LOK | |0 001 3147153746 | ||
| LOK | |0 003 DE-627 | ||
| LOK | |0 004 424396181 | ||
| LOK | |0 005 20081024125134 | ||
| LOK | |0 008 970922||||||||||||||||ger||||||| | ||
| LOK | |0 040 |a DE-21-31 |c DE-627 |d DE-21-31 | ||
| LOK | |0 541 |e 50756 | ||
| LOK | |0 852 |a DE-21-31 | ||
| LOK | |0 852 1 |c Sd III 15 |m p |9 00 | ||
| LOK | |0 935 |a kneu | ||
| LOK | |0 938 |k p | ||
| LOK | |0 939 |a 22-09-97 |b l01 | ||
| LOK | |0 000 xxxxxcx a22 zn 4500 | ||
| LOK | |0 001 3147153789 | ||
| LOK | |0 003 DE-627 | ||
| LOK | |0 004 424396181 | ||
| LOK | |0 005 20171221112023 | ||
| LOK | |0 008 930209||||||||||||||||ger||||||| | ||
| LOK | |0 040 |a DE-21-110 |c DE-627 |d DE-21-110 | ||
| LOK | |0 689 |a s |a Selbstkonzept | ||
| LOK | |0 852 |a DE-21-110 | ||
| LOK | |0 852 1 |c N VI 92 |m p |9 00 | ||
| LOK | |0 935 |a k110 | ||
| LOK | |0 936ln |a 8.7.4 | ||
| LOK | |0 938 |k p | ||
| LOK | |0 939 |a 09-02-93 |b l01 | ||
| LOK | |0 000 xxxxxcx a22 zn 4500 | ||
| LOK | |0 001 3147153800 | ||
| LOK | |0 003 DE-627 | ||
| LOK | |0 004 424396181 | ||
| LOK | |0 005 20110302163153 | ||
| LOK | |0 008 110302||||||||||||||||ger||||||| | ||
| LOK | |0 040 |a DE-21-43 |c DE-627 |d DE-21-43 | ||
| LOK | |0 541 |e 80/1259 | ||
| LOK | |0 852 |a DE-21-43 | ||
| LOK | |0 852 1 |c Db I 740 |m p |9 00 | ||
| LOK | |0 935 |a k043 |a kneu | ||
| LOK | |0 938 |k p | ||
| LOK | |0 939 |a 02-03-11 |b l01 | ||
| ORI | |a SA-MARC-ixtheoa001.raw | ||
| REF | |a Sozialisationstheorie | ||
| REL | |a 1 | ||
| STA | 0 | 0 | |a Pedagogical anthropology,Anthropology,Pedagogical psychology,Educational psychology,Pedagogics,Pedagogics,Pedagogy,Education science,Paedagogy,Paedagogics,Education,Self-image,Idea of oneself,Self-perception,Self-projection,Socialization,Socialization,Social development |
| STB | 0 | 0 | |a Anthropologie de l'éducation,Image de soi,Psychologie de l'éducation,Pédagogie,Pédagogie,Socialisation,Socialisation |
| STC | 0 | 0 | |a Antropología pedagógica,Imagen de si,Pedagogía,Pedagogía,Psicología pedagógica,Socialización,Socialización |
| STD | 0 | 0 | |a Antropologia pedagogica,Immagine di sé,Percezione di sé,Percezione di sé,Pedagogia,Pedagogia,Psicologia pedagogica,Socializzazione,Socializzazione |
| STE | 0 | 0 | |a 教育人类学,教育学,教育心理学,社会化,自我形象 |
| STF | 0 | 0 | |a 教育人類學,教育學,教育心理學,社會化,自我形象 |
| STG | 0 | 0 | |a Antropologia pedagógica,Imagem de si,Pedagogia,Pedagogia,Psicologia pedagógica,Socialização,Socialização |
| STH | 0 | 0 | |a Педагогика (мотив),Педагогика,Педагогическая антропология,Педагогическая психология,Представление о самом себе,Социализация (мотив),Социализация |
| STI | 0 | 0 | |a Αυτοεικόνα,Εκπαιδευτική ψυχολογία,Κοινωνικοποίηση (μοτίβο),Κοινωνικοποίηση,Παιδαγωγική (μοτίβο),Παιδαγωγική,Παιδαγωγική ανθρωπολογία |
| SUB | |a REL | ||
| SYE | 0 | 0 | |a Selbstkonzept,Autostereotyp,Selbstwahrnehmung,Selbstentwurf,Selbstkonzeption,Selbstverständnis , Soziologie - Sozialisation,Soziale Entwicklung,Sozialentwicklung,Sozialisierung,Vergesellschaftung |
| SYG | 0 | 0 | |a Selbstkonzept,Autostereotyp,Selbstwahrnehmung,Selbstentwurf,Selbstkonzeption,Selbstverständnis , Erziehungspsychologie,Bildungspsychologie , Erziehungswissenschaft,Erziehungswissenschaften,Erziehungswissenschaft,Pädagogischer Prozess,Erziehungswissenschaften , Anthropologische Pädagogik |



